01016nam a22002177a 450000500170000000800410001702000150005804000090007304100080008208200180009010000180010824500550012626000310018130000240021236500140023644000230025052004770027365000140075065000140076470000200077820220409112351.0220409b ||||| |||| 00| 0 eng d a8171676812 cAloy aeng 223a929bSALJ aDilip M Salwi aJagadish Chandra Bose:bThe first modern scientist aNew DelhibRupa & Coc2002 a59 p.bHBc16x13cm. 2Biography aCharitavali series aPhysicist, inventor, pioneer and visionary, Jagadish Chandra Bose was the first modern scientist of India. In the late nineteenth century it was hard to believe that an Indian could become a scientist. Working in primitive conditions, without any financial help and constantly battling the scepticism of the scientific establishment, Jagdish Chandra Bose invented the first instruments of wireless telegraphy - the technology that is the basis for all communication today. aBiography aScientist aSALWI (Dilip M)